000 nam a22 7a 4500
999 _c4879
_d4879
005 20210323110722.0
008 210323b2021 xxu||||| |||| 00| 0 eng d
040 _aAKMAL
082 _a788.974 BAL
090 _a788.974
_bBAL
100 _aAndrew Balent and Quincy C.Hilliard
_99273
245 _aSkill Builders : Warmups and Technical Studies for the Developing Performer (Tenor Saxophone)
_b: Book 1
260 _aNew York
_bCarl Fischer
264 _aNew York
_bCarl Fischer
300 _a16 page
_c30cm
942 _2ddc
_cBOOK